日本の地下鉄 路線別乗降人員1位の駅 - Statistics

General Stats
  • This quiz has been taken 529 times
  • The average score is 30 of 44
Answer Stats
鉄道会社名 路線名 記号 1位の駅 1日あたり利用者数 % Correct
札幌市交通局 東豊線 H さっぽろ 27,573人/日(2022)※乗車人員のみ
92%
南北線 N さっぽろ 46,312人/日(2022)※乗車人員のみ
90%
仙台市交通局 南北線 N 仙台 38,222人/日(2023)※乗車人員のみ
90%
東西線 T 仙台 16,582人/日(2023)※乗車人員のみ
87%
横浜市交通局 ブルーライン B 横浜 123,195人/日(2023)
85%
副都心線 F 渋谷 721,112人/日(2023)※直通先鉄道との合算
84%
銀座線 G 銀座 217,244人/日(2023)※丸ノ内線・日比谷線との合算
81%
新宿線 S 新宿 273,623人/日(2023)
81%
東山線 H 名古屋 118,110人/日(2022)※乗車人員のみ
81%
東西線 T 大通 20,081人/日(2022)※乗車人員のみ
79%
丸ノ内線 M 池袋 500,694人/日(2023)※有楽町線・副都心線との合算
79%
京都市交通局 烏丸線 K 京都 128,442人/日(2023)
79%
半蔵門線 Z 渋谷 721,112人/日(2023)※直通先鉄道との合算
78%
桜通線 S 名古屋 48,970人/日(2022)※乗車人員のみ
77%
丸ノ内線(方南町支線) Mb 中野坂上 70,705人/日(2023)※本線との合算
76%
東西線 T 大手町 312,041人/日(2023)※丸ノ内線・千代田線・半蔵門線との合算
76%
有楽町線 Y 池袋 500,694人/日(2023)※丸ノ内線・副都心線との合算
76%
大江戸線 E 新宿 122,382人/日(2023)
76%
御堂筋線 M 梅田 412,3403人/日(2023/11/7)
※1日のみの調査
76%
上飯田線 K 上飯田 15,542人/日(2022)※乗車人員のみ
72%
空港線 K 博多 70,011人/日(2023)※乗車人員のみ
71%
東京都交通局 浅草線 A 押上 213,651人/日(2023)
70%
東京地下鉄 千代田線 C 綾瀬 372,622人/日(2023)※直通先鉄道との合算
68%
日比谷線 H 銀座 217,244人/日(2023)※銀座線・丸ノ内線線との合算
68%
名古屋市交通局 名港線 E 金山 70,511人/日(2022)※名城線との合算 ※乗車人員のみ
68%
名城線 M 金山 70,511人/日(2022)※名港線との合算 ※乗車人員のみ
67%
七隈線 N 博多 23,319人/日(2023)※乗車人員のみ
67%
西神・山手線 S 三宮 30,477人/日(2022)※乗車人員のみ
66%
グリーンライン G 日吉 73,609人/日(2023)
65%
大阪市高速電気軌道 中央線 C 本町 200,963人/日(2023/11/7)※御堂筋線との合算
※1日のみの調査
63%
南北線 N 飯田橋 150,786人/日(2023)※東西線・有楽町線との合算
62%
今里筋線 I 今里 22,0673人/日(2023/11/7)※千日前線との合算
※1日のみの調査
56%
千日前線 S なんば 328,0033人/日(2023/11/7)※御堂筋線との合算
※1日のみの調査
56%
東西線 T 山科 41,255人/日(2023)
54%
南港ポートタウン線 P 住之江公園 27,7523人/日(2023/11/7)※四つ橋線との合算
※1日のみの調査
54%
北神線 S 谷上 10,378人/日(2022)※乗車人員のみ
54%
堺筋線 K 堺筋本町 102,225人/日(2023/11/7)※中央線との合算
※1日のみの調査
53%
谷町線 T 天王寺 238,1943人/日(2023/11/7)※御堂筋線との合算
※1日のみの調査
53%
四つ橋線 Y なんば 328,0033人/日(2023/11/7)※御堂筋線との合算 ※1日のみの調査
53%
三田線 I 神保町 130,940人/日(2023)
50%
長堀鶴見緑地線 N 心斎橋 169,0053人/日(2023/11/7)※御堂筋線との合算
※1日のみの調査
49%
鶴舞線 T 赤池 25,428人/日(2022)※乗車人員のみ
45%
福岡市交通局 箱崎線 H 貝塚 6,700人/日(2023)※乗車人員のみ
40%
神戸市交通局 海岸線 K 和田岬 6,496人/日(2022) ※乗車人員のみ
38%
No matching quizzes found
Score Distribution
Percent of People with Each Score
Percentile by Number Answered
Your Score History
You have not taken this quiz